[Event "George Trundle Masters 2016"]
[Site "Auckland"]
[Date "2016.07.15"]
[Round "7.1"]
[White "Smith, Robert W"]
[Black "Chan, Peng Kong"]
[Result "1/2-1/2"]
[LiveChessVersion "1.4.8"]
[BlackElo "2238"]
[WhiteElo "2207"]

1. e4 {[%clk 1:30:58]} c5 {[%clk 1:30:12]} 2. Nf3 {[%clk 1:31:01]} e6
{[%clk 1:29:17]} 3. d4 {[%clk 1:30:49]} cxd4 {[%clk 1:29:42]} 4. Nxd4
{[%clk 1:31:12]} a6 {[%clk 1:30:05]} 5. Bd3 {[%clk 1:30:35]} Nc6 {[%clk 1:29:19]}
6. Nxc6 {[%clk 1:30:52]} dxc6 {[%clk 1:28:34]} 7. O-O {[%clk 1:28:35]} e5
{[%clk 1:28:37]} 8. a4 {[%clk 1:25:19]} a5 {[%clk 1:28:04]} 9. Be3
{[%clk 1:22:30]} Be6 {[%clk 1:27:35]} 10. Qe2 {[%clk 1:21:03]} Nf6
{[%clk 1:27:27]} 11. h3 {[%clk 1:21:27]} Qc7 {[%clk 1:26:08]} 12. Nd2
{[%clk 1:21:21]} Nd7 {[%clk 1:20:18]} 13. Bc4 {[%clk 1:18:55]} Bxc4
{[%clk 1:20:27]} 14. Qxc4 {[%clk 1:18:40]} Be7 {[%clk 1:20:26]} 15. Rfd1
{[%clk 1:15:38]} O-O {[%clk 1:20:28]} 16. Nf1 {[%clk 1:07:31]} Rfd8
{[%clk 1:18:53]} 17. Rd2 {[%clk 1:07:29]} Nf8 {[%clk 1:18:41]} 18. Rad1
{[%clk 1:07:27]} Ne6 {[%clk 1:18:56]} 19. c3 {[%clk 1:01:00]} g6 {[%clk 1:17:16]}
20. Qb3 {[%clk 0:55:43]} Rxd2 {[%clk 1:10:08]} 21. Rxd2 {[%clk 0:56:01]} Bc5
{[%clk 1:02:03]} 22. Bxc5 {[%clk 0:54:13]} Nxc5 {[%clk 1:02:25]} 23. Qc4
{[%clk 0:54:40]} Ne6 {[%clk 1:02:19]} 24. Qb3 1/2-1/2

[Event "George Trundle Masters 2016"]
[Site "Auckland"]
[Date "2016.07.15"]
[Round "7.2"]
[White "Watson, Bruce R"]
[Black "Wastney, Scott"]
[Result "1/2-1/2"]
[LiveChessVersion "1.4.8"]
[BlackElo "2370"]
[WhiteElo "2237"]

1. Nf3 {[%clk 1:30:48]} d5 {[%clk 1:30:47]} 2. g3 {[%clk 1:30:52]} Nf6
{[%clk 1:31:08]} 3. Bg2 {[%clk 1:31:17]} e6 {[%clk 1:31:34]} 4. O-O
{[%clk 1:31:41]} Be7 {[%clk 1:32:02]} 5. d3 {[%clk 1:31:27]} O-O {[%clk 1:32:14]}
6. Nbd2 {[%clk 1:31:52]} c5 {[%clk 1:32:29]} 7. e4 {[%clk 1:32:15]} Nc6
{[%clk 1:32:40]} 8. e5 {[%clk 1:32:28]} Ne8 {[%clk 1:32:58]} 9. Re1
{[%clk 1:22:41]} b5 {[%clk 1:32:59]} 10. Nf1 {[%clk 1:22:48]} a5 {[%clk 1:33:04]}
11. h4 {[%clk 1:22:55]} b4 {[%clk 1:31:32]} 12. h5 {[%clk 1:21:45]} a4
{[%clk 1:30:44]} 13. a3 {[%clk 1:18:06]} bxa3 {[%clk 1:30:57]} 14. bxa3
{[%clk 1:18:28]} Rb8 {[%clk 1:26:31]} 15. h6 {[%clk 1:18:41]} g6 {[%clk 1:26:44]}
16. Ne3 {[%clk 1:16:17]} f6 {[%clk 1:16:22]} 17. exf6 {[%clk 1:05:45]} Bxf6
{[%clk 1:16:14]} 18. Ra2 {[%clk 1:03:19]} Bc3 {[%clk 1:08:17]} 19. Bd2
{[%clk 0:51:29]} Qa5 {[%clk 1:04:24]} 20. Ng4 {[%clk 0:46:10]} Nd6
{[%clk 0:41:45]} 21. Bxc3 {[%clk 0:36:08]} Qxc3 {[%clk 0:42:01]} 22. Nge5
{[%clk 0:30:11]} Nxe5 {[%clk 0:39:22]} 23. Nxe5 {[%clk 0:30:35]} Nf5
{[%clk 0:35:37]} 24. Qa1 {[%clk 0:27:34]} Qxa1 {[%clk 0:33:37]} 25. Rexa1
{[%clk 0:27:06]} Nxh6 {[%clk 0:32:09]} 26. c4 {[%clk 0:27:22]} dxc4
{[%clk 0:27:21]} 27. dxc4 {[%clk 0:27:42]} Nf7 {[%clk 0:27:14]} 28. Nd3
{[%clk 0:27:01]} Ba6 {[%clk 0:26:13]} 29. Nxc5 {[%clk 0:27:05]} Bxc4
{[%clk 0:26:01]} 30. Rc2 {[%clk 0:25:54]} Bb3 {[%clk 0:25:34]} 31. Nxb3
{[%clk 0:24:47]} axb3 {[%clk 0:25:21]} 32. Rb2 {[%clk 0:25:05]} Ne5
{[%clk 0:21:52]} 33. Rab1 {[%clk 0:19:43]} Nf3+ {[%clk 0:21:37]} 34. Bxf3
{[%clk 0:19:35]} Rxf3 {[%clk 0:22:05]} 35. a4 {[%clk 0:19:43]} Kg7
{[%clk 0:20:03]} 36. a5 {[%clk 0:19:56]} h5 {[%clk 0:19:50]} 37. a6
{[%clk 0:20:02]} Ra8 {[%clk 0:19:08]} 38. Rxb3 {[%clk 0:19:27]} Rxb3
{[%clk 0:19:33]} 39. Rxb3 {[%clk 0:19:50]} Rxa6 {[%clk 0:19:59]} 40. Kg2
{[%clk 0:50:09]} Kf6 {[%clk 0:49:55]} 41. Rb5 {[%clk 0:50:26]} e5
{[%clk 0:47:16]} 42. Rc5 {[%clk 0:48:10]} Ra2 {[%clk 0:45:59]} 43. Rb5
{[%clk 0:47:15]} Kf5 {[%clk 0:45:22]} 44. Rc5 {[%clk 0:46:17]} g5
{[%clk 0:37:46]} 45. Rc8 {[%clk 0:45:31]} h4 {[%clk 0:35:24]} 46. gxh4
{[%clk 0:45:27]} gxh4 {[%clk 0:35:53]} 47. Rf8+ {[%clk 0:44:50]} Ke6
{[%clk 0:34:42]} 48. Re8+ {[%clk 0:44:41]} Kf6 {[%clk 0:35:02]} 49. Rf8+
{[%clk 0:45:04]} Kg7 {[%clk 0:31:47]} 50. Rf5 {[%clk 0:43:26]} Re2
{[%clk 0:31:35]} 51. Rh5 {[%clk 0:36:50]} Re4 {[%clk 0:31:28]} 52. Kh3
{[%clk 0:36:54]} Kg6 {[%clk 0:27:27]} 53. Rxh4 {[%clk 0:36:59]} Rxh4+
{[%clk 0:27:44]} 54. Kxh4 {[%clk 0:37:22]} Kf5 {[%clk 0:27:59]} 55. Kg3
{[%clk 0:37:27]} e4 {[%clk 0:28:03]} 56. f4 {[%clk 0:36:09]} exf3
{[%clk 0:28:16]} 57. Kxf3 {[%clk 0:36:38]} 1/2-1/2

[Event "George Trundle Masters 2016"]
[Site "Auckland"]
[Date "2016.07.15"]
[Round "7.3"]
[White "Hague, Ben"]
[Black "Solomon, Stephen J"]
[Result "0-1"]
[LiveChessVersion "1.4.8"]
[BlackElo "2367"]
[WhiteElo "2336"]

1. e4 {[%clk 1:30:55]} e5 {[%clk 1:30:51]} 2. Nf3 {[%clk 1:31:21]} Nf6
{[%clk 1:31:08]} 3. Nxe5 {[%clk 1:26:24]} d6 {[%clk 1:30:47]} 4. Nf3
{[%clk 1:26:31]} Nxe4 {[%clk 1:31:08]} 5. Nc3 {[%clk 1:26:54]} Nxc3
{[%clk 1:31:29]} 6. dxc3 {[%clk 1:27:19]} Be7 {[%clk 1:31:50]} 7. Bf4
{[%clk 1:27:22]} Nd7 {[%clk 1:30:10]} 8. Qd2 {[%clk 1:26:06]} Nc5
{[%clk 1:29:43]} 9. O-O-O {[%clk 1:23:40]} O-O {[%clk 1:26:16]} 10. h4
{[%clk 1:18:26]} Bg4 {[%clk 1:26:01]} 11. Be2 {[%clk 1:09:43]} Bf6
{[%clk 1:19:02]} 12. Ng5 {[%clk 1:00:50]} Bxe2 {[%clk 1:18:48]} 13. Qxe2
{[%clk 1:01:09]} Qd7 {[%clk 1:01:56]} 14. Nxh7 {[%clk 0:52:38]} Kxh7
{[%clk 1:02:03]} 15. Qh5+ {[%clk 0:53:00]} Kg8 {[%clk 1:02:20]} 16. Qxc5
{[%clk 0:53:25]} Qa4 {[%clk 0:53:33]} 17. Qf5 {[%clk 0:52:23]} Qxa2
{[%clk 0:53:55]} 18. Rh3 {[%clk 0:48:50]} Rfe8 {[%clk 0:53:50]} 19. Qb5
{[%clk 0:39:29]} c6 {[%clk 0:48:45]} 20. Qb3 {[%clk 0:39:35]} Qa1+
{[%clk 0:48:49]} 21. Kd2 {[%clk 0:39:59]} Qa6 {[%clk 0:48:02]} 22. Be3
{[%clk 0:38:35]} d5 {[%clk 0:46:24]} 23. Kc1 {[%clk 0:35:14]} Re4
{[%clk 0:44:42]} 24. h5 {[%clk 0:31:51]} Rae8 {[%clk 0:37:02]} 25. h6
{[%clk 0:30:01]} gxh6 {[%clk 0:37:13]} 26. Rxh6 {[%clk 0:27:47]} Bg7
{[%clk 0:29:09]} 27. Rh5 {[%clk 0:25:13]} Ra4 {[%clk 0:26:37]} 28. Rg5
{[%clk 0:22:28]} Ree4 {[%clk 0:24:35]} 29. Rd3 {[%clk 0:21:52]} b6
{[%clk 0:21:49]} 30. Kd2 {[%clk 0:20:00]} Ra1 {[%clk 0:21:08]} 31. f3
{[%clk 0:19:37]} Rf1 {[%clk 0:13:13]} 32. Qa3 {[%clk 0:15:49]} Qxa3
{[%clk 0:12:38]} 33. bxa3 {[%clk 0:16:13]} Re8 {[%clk 0:07:34]} 34. Rd4
{[%clk 0:13:30]} Kf8 {[%clk 0:06:47]} 35. Rdg4 {[%clk 0:11:29]} Bxc3+
{[%clk 0:06:33]} 36. Kxc3 {[%clk 0:10:13]} Rxe3+ {[%clk 0:06:47]} 37. Kb2
{[%clk 0:09:56]} Rf2 {[%clk 0:05:38]} 38. Rg8+ {[%clk 0:10:19]} Ke7
{[%clk 0:06:03]} 39. Ra8 {[%clk 0:10:46]} Ree2 {[%clk 0:05:41]} 40. Rxa7+
{[%clk 0:41:08]} Kd6 {[%clk 0:35:55]} 41. Rxf7 {[%clk 0:41:09]} Rxc2+
{[%clk 0:36:15]} 42. Kb3 {[%clk 0:41:35]} Kc5 {[%clk 0:34:48]} 43. Rfg7
{[%clk 0:40:54]} b5 {[%clk 0:34:07]} 44. Rg8 {[%clk 0:39:56]} Rce2
{[%clk 0:33:43]} 0-1

[Event "George Trundle Masters 2016"]
[Site "Auckland"]
[Date "2016.07.15"]
[Round "7.4"]
[White "Croad, Nicholas"]
[Black "Wallis, Christopher"]
[Result "0-1"]
[LiveChessVersion "1.4.8"]
[BlackElo "2351"]
[WhiteElo "2320"]

1. d4 {[%clk 1:30:58]} Nf6 {[%clk 1:29:56]} 2. c4 {[%clk 1:31:23]} e6
{[%clk 1:30:21]} 3. Nf3 {[%clk 1:31:49]} d5 {[%clk 1:30:44]} 4. g3
{[%clk 1:32:14]} dxc4 {[%clk 1:29:59]} 5. Bg2 {[%clk 1:32:36]} Bb4+
{[%clk 1:30:24]} 6. Nc3 {[%clk 1:33:01]} Nc6 {[%clk 1:30:12]} 7. a3
{[%clk 1:30:45]} Bxc3+ {[%clk 1:25:58]} 8. bxc3 {[%clk 1:31:13]} Rb8
{[%clk 1:22:22]} 9. a4 {[%clk 1:29:18]} O-O {[%clk 1:22:10]} 10. O-O
{[%clk 1:28:46]} b6 {[%clk 1:18:03]} 11. Qc2 {[%clk 1:27:12]} Bb7
{[%clk 1:16:03]} 12. e4 {[%clk 1:21:59]} Na5 {[%clk 1:13:03]} 13. Nd2
{[%clk 1:13:41]} c5 {[%clk 1:03:16]} 14. dxc5 {[%clk 1:00:34]} Qc7
{[%clk 1:02:54]} 15. cxb6 {[%clk 0:58:36]} axb6 {[%clk 1:03:07]} 16. Rb1
{[%clk 0:57:37]} Rfd8 {[%clk 0:58:36]} 17. Rb4 {[%clk 0:52:46]} Nc6
{[%clk 0:50:42]} 18. Rb1 {[%clk 0:43:41]} Ne5 {[%clk 0:48:31]} 19. Qa2
{[%clk 0:36:48]} Ra8 {[%clk 0:41:21]} 20. Rb4 {[%clk 0:31:19]} Nd3
{[%clk 0:28:23]} 21. Rxc4 {[%clk 0:29:41]} Nc5 {[%clk 0:28:17]} 22. Rd4
{[%clk 0:16:13]} e5 {[%clk 0:20:50]} 23. Rb4 {[%clk 0:11:26]} Bc6
{[%clk 0:15:59]} 24. Nc4 {[%clk 0:05:41]} Nd3 {[%clk 0:07:19]} 25. Rb1
{[%clk 0:04:50]} Rxa4 {[%clk 0:07:28]} 26. Qb3 {[%clk 0:05:15]} Ra6
{[%clk 0:05:03]} 27. Bg5 {[%clk 0:05:11]} Ba4 {[%clk 0:04:51]} 28. Bxf6
{[%clk 0:03:57]} Bxb3 {[%clk 0:03:24]} 29. Bxd8 {[%clk 0:04:21]} Qxc4
{[%clk 0:03:47]} 30. Bg5 {[%clk 0:03:39]} Qxc3 {[%clk 0:03:20]} 31. Be3
{[%clk 0:03:48]} b5 {[%clk 0:02:44]} 32. h4 {[%clk 0:03:53]} b4 {[%clk 0:02:38]}
33. Bh3 {[%clk 0:02:10]} Bc2 {[%clk 0:02:46]} 0-1

[Event "George Trundle Masters 2016"]
[Site "Auckland"]
[Date "2016.07.15"]
[Round "7.5"]
[White "Lane, Gary W"]
[Black "Garbett, Paul A"]
[Result "1-0"]
[LiveChessVersion "1.4.8"]
[BlackElo "2229"]
[WhiteElo "2375"]

1. e4 {[%clk 1:30:58]} e6 {[%clk 1:30:45]} 2. d4 {[%clk 1:31:22]} d5
{[%clk 1:31:10]} 3. Nd2 {[%clk 1:31:49]} c5 {[%clk 1:31:18]} 4. exd5
{[%clk 1:28:53]} Qxd5 {[%clk 1:31:21]} 5. dxc5 {[%clk 1:26:39]} Nf6
{[%clk 1:31:04]} 6. Ngf3 {[%clk 1:27:02]} Qxc5 {[%clk 1:30:25]} 7. Bd3
{[%clk 1:26:12]} Nbd7 {[%clk 1:29:57]} 8. O-O {[%clk 1:26:15]} Be7
{[%clk 1:26:07]} 9. Nb3 {[%clk 1:23:58]} Qc7 {[%clk 1:25:00]} 10. Bg5
{[%clk 1:24:00]} b6 {[%clk 1:22:43]} 11. Nbd4 {[%clk 1:19:52]} a6
{[%clk 1:15:18]} 12. c3 {[%clk 1:10:22]} Bb7 {[%clk 1:14:04]} 13. Re1
{[%clk 1:10:39]} Nc5 {[%clk 1:11:14]} 14. Bc2 {[%clk 1:10:37]} O-O
{[%clk 1:06:59]} 15. Qe2 {[%clk 1:01:15]} Be4 {[%clk 0:49:22]} 16. Bxe4
{[%clk 0:50:15]} Nfxe4 {[%clk 0:48:21]} 17. Bxe7 {[%clk 0:45:15]} Qxe7
{[%clk 0:48:44]} 18. Rad1 {[%clk 0:44:21]} Qc7 {[%clk 0:40:20]} 19. Qe3
{[%clk 0:41:47]} Nf6 {[%clk 0:35:07]} 20. Ne5 {[%clk 0:40:43]} Rad8
{[%clk 0:32:08]} 21. f3 {[%clk 0:30:31]} Nd5 {[%clk 0:26:35]} 22. Qc1
{[%clk 0:22:05]} Rc8 {[%clk 0:22:28]} 23. g3 {[%clk 0:21:12]} Ne7
{[%clk 0:22:10]} 24. f4 {[%clk 0:20:24]} b5 {[%clk 0:19:52]} 25. Qe3
{[%clk 0:20:36]} Nd7 {[%clk 0:17:27]} 26. Nxe6 {[%clk 0:18:08]} 1-0